Widok standardowy
Widok MARC
Pozycja Topical Term
Liczba rekordów, w których użyto hasła: 1
001 - Numer kontrolny
- control field: 40748
003 - Identyfikator numeru kontrolnego
- control field: NUKAT
005 - Data i czas ostatniej modyfikacji
- control field: 20260428092543.0
008 - Dane kontrolne kodowane (40 znaków)
- fixed length control field: 050116n||azznnbabn |a ana |
010 ## - Numer kontrolny Biblioteki Kongresu
- numer kontrolny LC: p 2004526510
035 ## - Numer systemowy
- numer systemowy: a13160758
035 ## - Numer systemowy
- numer systemowy: (PL)a0000001316075
040 ## - Instytucja sporządzająca rekord
- inst. przygot. dane do rek. khw: WA N
- język haseł przedmiotowych/tezaurus: DBN
- inst. wprow. rek. khw: WA N
072 ## - Kod kategorii przedmiotu
- kod kategorii przedmiotu: 26
150 ## - Hasło - nazwa pospolita
- nazwa posp. lub nazwa geogr. na pocz.: Dyplomacja amerykańska
450 ## - Trop zob. - nazwa pospolita
- nazwa posp. lub nazwa geogr. na pocz.: Dyplomacja Stanów Zjednoczonych
550 ## - Trop zob. też - nazwa pospolita
- nazwa posp. lub nazwa geogr. na pocz.: Służba zagraniczna amerykańska
550 ## - Trop zob. też - nazwa pospolita
- nazwa posp. lub nazwa geogr. na pocz.: Camp David (Thurmont)
551 ## - Trop zob. też - nazwa geograficzna
- nazwa geograficzna: Stany Zjednoczone (USA)
682 ## - Informacja o usuniętym haśle
- tekst wyjaśniający: zatwierdzone